000 01481nam0a22003371 4500
001 RU\NLR\INFOCOMM_195\5000035571
005 20250613091726.0
035 _a(NLR Aleph) 009128396
090 _a8261688
_c8261688
100 _a20090526d1982 |||y0rusy50 ca
101 0 _aeng
_drus
102 _aRU
105 _aa ||||000|y
200 1 _aExcitation of two nucleons into continuum as a doorway process for the bound pion absorption by nuclei
_fB. L. Birbrair a. Yu. A. Kalashnikov
210 _aL.
_cЛИЯФ
_d1982
215 _a26 с.
_cил.
_d20 см
225 1 _aAcademy of sciences of the USSR, Leningrad nuclear physics institute
_v756
300 _aНа обороте тит. л.: Возбуждение двух нуклонов в сплошной спектр как входной процесс для поглощения связанных пионов ядрами / Б. Л. Бирбраир, Ю. А. Калашников
300 _aНа обл. надзаг. на рус. яз.
300 _aРез. на рус. яз.
320 _aБиблиогр.: с. 25-26
606 _aПионы (физ.)
_xПоглощение ядрами
_2nlr_sh1
686 _aВ382.32
_2rubbk
700 1 _aBirbrair
_bB. L.
_f1932-
_gBoris L'vovič
_4070
701 1 _9z01790
_aKalašnikov
_bJu. A.
_4070
790 1 _9z01701
_aKalashnikov
_bYu. A.
_4070
801 1 _aRU
_bNLR
_c20090526
801 0 _aRU
_bNLR
_gPSBO
852 _aNLR
_jФз01 Д-4/1901
942 _cBOOK
980 _aNB